Evaluación educativa 2: un enfoque práctico de la evaluación de alumnos, profesores, centros educativos y materiales didácticos

Shranjeno v:
Bibliografske podrobnosti
Glavni avtor: Santos Guerra, Miguel Angel (Author)
Format: Knjiga
Jezik:španščina
Izdano: Buenos Aires Magisterio del Río de la Plata 1996
Serija:Respuestas Educativas
Teme:
Oznake: Označite
Brez oznak, prvi označite!

MARC

LEADER 00000cam a2200000 a 4500
001 UCH7559
003 CL-VaPUC
008 091119e19960000AG |||||||||||||||||spa|d
020 |a 9505501943 
082 0 4 |a 371.26  |b SAN  |2 21 
100 0 |a Santos Guerra, Miguel Angel  |e author  |9 543947 
245 1 0 |a Evaluación educativa 2: un enfoque práctico de la evaluación de alumnos, profesores, centros educativos y materiales didácticos 
300 |a 270 p 
942 |c BK 
945 |d 20091119 00:00:00  |a rbrito 
260 |a Buenos Aires  |b Magisterio del Río de la Plata  |c 1996 
650 0 |a Evaluación de la educación   |9 237505 
583 |a last modification  |c 20130122 09:43:20  |k Rodrigo Vera 
490 0 |a Respuestas Educativas 
999 |c 338078  |d 338076 
952 |0 0  |1 0  |4 0  |6 371_260000000000000_SAN_1996  |7 0  |8 A  |9 430883  |a BIBEDU  |b BIBEDU  |d 2019-11-22  |i 461996K  |l 1  |o 371.26 SAN 1996  |p 461996K  |r 2023-04-24  |s 2023-03-20  |w 2019-11-22  |y BK  |k EPE 
952 |0 0  |1 0  |4 0  |6 371_260000000000000_SAN_1996  |7 0  |8 A  |9 430884  |a BIBEDU  |b BIBEDU  |d 2019-11-22  |i 4619978  |o 371.26 SAN 1996  |p 4619978  |r 2019-11-22  |w 2019-11-22  |y BK  |k EPE 
952 |0 0  |1 0  |4 0  |6 371_260000000000000_SAN_1996  |7 0  |8 A  |9 430885  |a BIBMAT  |b BIBMAT  |c E_DIDACT  |d 2019-11-22  |i 4948009  |o 371.26 SAN 1996  |p 4948009  |r 2025-01-07  |w 2019-11-22  |y BK  |k MAT